000 00462nam a22001697a 4500
008 230428b |||||||| |||| 00| 0 eng d
020 _a978-0230-63863-1
040 _aNational Science Library
_cNational Science Library
080 _a519.17
_bP9
100 _94937
245 _aGraph theory and its applications
260 _aDelhi:
_bMacmillan,
_c2009
300 _avi, 342p.
650 _aScience
700 _aSomasundaram, K (Ed.)
942 _2udc
_cBK
999 _c24641
_d24641